| 000 | 00885nam a22002417a 4500 | ||
|---|---|---|---|
| 005 | 20220803150544.0 | ||
| 008 | 220803s1993 enk |||gr|||| 00| 0 eng d | ||
| 020 | _a0198239297 | ||
| 040 |
_aCO-BoUCM _bspa _cDeissy Garcia _dDeissy Garcia |
||
| 041 | _aeng | ||
| 245 | 0 | 0 |
_aMental causation _cedición de John Heil, Alfred Mele |
| 260 |
_aOxford _aNueva York _bClarendon Press _bOxford University Press _c1993 |
||
| 300 | _ax, 342 páginas | ||
| 500 | _aBibliografía Básica - Escuela de Ciencias Humanas - Pregrado en Filosofía | ||
| 504 | _aIncluye referencias bibliográficas e índices | ||
| 650 | 7 |
_915767 _aFilosofía de la mente |
|
| 650 | 7 |
_919302 _aMente y cuerpo |
|
| 650 | 7 |
_910618 _aCausalidad |
|
| 700 |
_9167806 _aHeil, John _eeditor |
||
| 700 |
_aMele, Alfred R. _9141581 |
||
| 942 |
_2DEWEY _a2 _cLIBRO _e1 _h128.2 _mM549 _n0 |
||
| 999 |
_c321539 _d321539 |
||